|
|
|
|
| LEADER |
00000nam a22000007a 4500 |
| 005 |
20220216224056.0 |
| 007 |
cr|||| |||| |
| 008 |
220216s2018 co |||||s|||| 00||0 spa d |
| 020 |
|
|
|a 978-958-771-643-6
|
| 035 |
|
|
|a 35844
|
| 040 |
|
|
|a vLex
|
| 090 |
|
|
|c 13014
|d 13014
|
| 100 |
1 |
|
|a Arv̌alo Reyes, Hčtor Daro̕
|
| 245 |
1 |
0 |
|a Creacin̤ de empresas
|h [Recurso electrn̤ico] :
|b gua̕ prc̀tica /
|c Hčtor Daro̕ Arv̌alo Reyes
|
| 256 |
|
|
|a Servicio en ln̕ea
|
| 260 |
|
|
|a Bogot:̀
|b ECOE,
|c 2018
|
| 300 |
|
|
|a 1 recurso electrn̤ico
|
| 506 |
1 |
|
|a Disponible solo en los productos indicados
|d vLex Global
|d vLex Global (Academic Edition, excluding Law Schools)
|d vLex Global (U.S. Academic Edition, Law Schools)
|d vLex Global (U.S. Academic Edition, excluding Law Schools)
|d vLex Global (Academic Edition, Law Schools)
|
| 650 |
0 |
4 |
|a Administracin̤ (Management)
|z Colombia
|
| 740 |
0 |
|
|a vLex Libros (Servicio en ln̕ea)
|
| 856 |
4 |
0 |
|u https://app.vlex.com/#/sources/35844
|z Acceso restringido
|
| 942 |
|
|
|c BOOK
|
| 999 |
0 |
|
|a Management
|